00281nam a22001097a 4500008004100000020001500041050002100056100002500077245002400102260003500126300001000161160805b xxu||||| |||| 00| 0 eng d a0904748766 aBT 301 .W46 1991 aWhite,Ellen G.d1991 aThe desire of ages. aLondon:bPacific press,c1991. a767p.